000
003200000a22001450004500
005
20120302064142.0
942
_c
BOOK
100
_a
Shree Rajneesh
245
_a
Zen the path of paradox
250
_a
1st
260
_a
Poona:Rajneesh foundation,1978.
300
_a
362p..-ill
040
_a
Eng
650
_a
Paradox
999
_c
361414
_d
361411